| 000 | 00867nam a22002417a 4500 | ||
|---|---|---|---|
| 003 | OSt | ||
| 005 | 20260202124504.0 | ||
| 008 | 260202b |||||||| |||| 00| 0 eng d | ||
| 020 | _a9781032462509 | ||
| 040 |
_aEASL _beng _cEASL |
||
| 041 |
_aeng _2eng |
||
| 084 |
_aY:434.41.1 R4 _qEASL |
||
| 245 | _aReimagining Chinese Diasporas in a Transnational World : | ||
| 260 |
_aLondon : _bRoutledge , _c2024 . |
||
| 300 | _aviii, 146p. | ||
| 490 | _aResearch in Ethnic and Migration Studies. edited by Paul Statham. | ||
| 650 |
_aChinese English Language _91113104 |
||
| 651 |
_aSoutheast Asian Chinese engage arising China. _91113105 |
||
| 651 |
_aReimagining Chinese diasporas in a transnational world. _91113106 |
||
| 700 |
_aGuo, Shibao, ed. _91113107 |
||
| 942 |
_2CC _n0 _cTEXL _hY:434.41.1 R4 |
||
| 999 |
_c1678474 _d1678474 |
||